000 00857nam a2200241 a 4500
001 000045611
003 OSt
005 20250716100243.0
008 150416s1982 dr 000 0 spa d
040 _aDO-SdBNP
_bspa
_cBNPHU
082 _bR789f
100 1 _aRosario Mota, Gumersindo del
_932252
245 1 0 _aFunciones de consumo para bienes alimenticios :
_b(un primer análisis de los datos de la ENIGF) /
_cGumersindo del Rosario Mota ; consultor Dr. Philip Musgrove.
260 _aSanto Domingo :
_bBanco Central,
_c1982.
300 _a45 p. ;
_c22 cm.
500 _aIncluye notas al pie de las páginas
504 _aBibliografía : página 45
590 _aInventariado, 2020 / DG
700 1 2 _aMusgrove, Philip
_973679
710 2 _aBanco Central de la República Dominicana
_983405
910 _aInventariado, 2020 / DG
942 _2ddc
_cLBS1
999 _c45100
_d45100